[Event "Karpos Open 2013"]
[Site "Skopje MKD"]
[Date "2013.03.15"]
[Round "8.99"]
[White "Vukelic, Zvonimir"]
[Black "Tevdovski, Zoran"]
[Result "1/2-1/2"]
[WhiteElo "1920"]
[BlackElo "1720"]
[WhiteFideId "15001512"]
[BlackFideId "15003809"]
[EventDate "2013.03.09"]

1. e4 Nf6 2. d3 d6 3. Nc3 h6 4. h3 Nc6 5. g3 e5 6. Bg2 Be6 7. Nge2 Be7 8. O-O
Qd7 9. Kh2 g5 10. Be3 a6 11. b3 d5 12. exd5 Nxd5 13. Qd2 f5 14. f3 Nxe3 15. Qxe3
f4 16. Qe4 O-O-O 17. gxf4 gxf4 18. Rae1 Bb4 19. a4 Qg7 20. Bh1 Bxc3 21. Rg1 Qd7
22. Nxc3 Bxh3 23. Qg6 Be6 24. Qh5 Kb8 25. Ne4 Bf7 26. Qh4 Qf5 27. Re2 Nd4 28.
Rf2 Ne6 29. Qg4 Qh5+ 30. Qxh5 Bxh5 31. Nd2 Ng5 32. Re1 Rhe8 33. Kg1 Rg8 34. Kf1
Nf7 35. Nc4 Rg5 36. Ke2 b5 37. axb5 axb5 38. Nd2 Bg6 39. Bg2 Bf5 40. Rh1 c6 41.
Re1 Rg6 42. Rh1 Rd7 43. Bh3 Bxh3 44. Rxh3 Ng5 45. Rh1 Rdg7 46. Ra1 Ra7 47. Rxa7
Kxa7 48. b4 Kb6 49. Nb3 Ne6 50. Rh2 Ng5 51. Nc5 Kc7 52. c3 Kd6 53. Rh1 Nf7 54.
Ra1 Ke7 55. Ra7+ Ke8 56. Ra6 h5 57. Ra1 Nd6 58. Ra8+ Kf7 59. Rh8 Rg5 60. Rh6 Ke7
61. Rxd6 Rg1 62. Rh6 Rb1 63. Rxh5 Rb2+ 64. Kf1 Rb1+ 65. Kg2 Kf6 66. Ne4+ Ke6 67.
Rh6+ Kd7 68. Rh7+ Ke6 69. Nf2 Rc1 70. Rh6+ Kd7 71. d4 exd4 72. cxd4 Rc4 73. d5
cxd5 74. Nd3 Rd4 75. Ne5+ Kc7 76. Rc6+ Kb7 77. Rc5 Rxb4 78. Rxd5 Rb1 79. Kh3 b4
80. Kg4 Ka6 81. Kxf4 b3 82. Rd2 Kb5 83. Rf2 Kb4 84. Nc6+ Kc3 85. Re2 Rd1 86.
Re3+ Rd3 87. Re8 b2 88. Rb8 Rd1 89. Ke5 b1=Q 90. Rxb1 Rxb1 91. f4 Rf1 92. f5
Rxf5+ 93. Kxf5 1/2-1/2

[Event "Karpos Open 2013"]
[Site "Skopje MKD"]
[Date "2013.03.15"]
[Round "8.100"]
[White "Ipekci, Baris"]
[Black "Ajrula, Adnan"]
[Result "1-0"]
[WhiteElo "1671"]
[BlackElo "1917"]
[WhiteFideId "6302823"]
[BlackFideId "15002713"]
[EventDate "2013.03.09"]

1. e4 d5 2. e5 d4 3. c3 c6 4. cxd4 Qxd4 5. Nf3 Qc5 6. d4 Qb4+ 7. Nc3 Bg4 8. Be2
e6 9. O-O Ne7 10. a3 Qa5 11. Bd2 Qb6 12. Na4 Qd8 13. Bg5 h6 14. Bxe7 Bxe7 15. h3
Bh5 16. Nc3 Nd7 17. Nd2 Bxe2 18. Qxe2 Nb6 19. Qg4 O-O 20. Nde4 Kh8 21. Ng3 Nc4
22. Nce2 b5 23. f4 Ne3 24. Qh5 Nxf1 25. Rxf1 Kh7 26. Qf3 Qd5 27. Qd3+ Kh8 28. f5
exf5 29. Nxf5 Qd7 30. Nf4 Rad8 31. e6 fxe6 32. Ng6+ Kh7 33. Nfxe7 Rf5 34. Nxf5
exf5 35. Ne5 Qxd4+ 36. Qxd4 Rxd4 37. Nxc6 Rd2 38. Rf2 Rd1+ 39. Kh2 a6 40. Nb4 a5
41. Nc6 b4 42. axb4 axb4 43. Nxb4 g6 44. Na2 Kg7 45. Nc3 Rd3 46. Rf1 Rd2 47. b4
Rc2 48. Rf3 Rb2 49. b5 Kf6 50. b6 Ke5 51. Na4 Rb4 52. Nc5 Kd6 53. Rb3 1-0

[Event "Karpos Open 2013"]
[Site "Skopje MKD"]
[Date "2013.03.15"]
[Round "8.101"]
[White "Tairi, Asip"]
[Black "Nikolov, Kole"]
[Result "0-1"]
[WhiteElo "1898"]
[BlackElo "1711"]
[WhiteFideId "15001105"]
[BlackFideId "15002764"]
[EventDate "2013.03.09"]

1. c4 d5 2. cxd5 Qxd5 3. Nc3 Qa5 4. d4 Nf6 5. Qc2 c6 6. Bd2 Qd8 7. e3 g6 8. Bc4
Bg7 9. Nge2 O-O 10. O-O Nbd7 11. f4 Nb6 12. Bb3 Bf5 13. e4 Bg4 14. Be3 Qc8 15.
Ng3 Be6 16. Kh1 Bxb3 17. Qxb3 e6 18. Rac1 Qd7 19. d5 exd5 20. exd5 Nbxd5 21.
Rfd1 Rfe8 22. Bd4 Ng4 23. Nxd5 cxd5 24. Bg1 Rac8 25. Rxc8 Qxc8 26. h3 Nf6 27.
Bxa7 Ne4 28. Nf1 Qc4 29. Qxc4 dxc4 30. Bd4 Rd8 31. Re1 Rxd4 0-1

[Event "Karpos Open 2013"]
[Site "Skopje MKD"]
[Date "2013.03.15"]
[Round "8.102"]
[White "Onal, Ozan"]
[Black "Cvetkovski, Slobodan"]
[Result "1-0"]
[WhiteElo "1461"]
[BlackElo "1890"]
[WhiteFideId "6356362"]
[BlackFideId "15001202"]
[EventDate "2013.03.09"]

1. e4 e6 2. d4 d5 3. e5 c5 4. c3 Nc6 5. Nf3 Qb6 6. a3 f5 7. b4 cxd4 8. cxd4 g6
9. Be2 Bh6 10. Be3 Bd7 11. Nc3 Rc8 12. Rc1 Bxe3 13. fxe3 Qd8 14. O-O h5 15. Qe1
Nh6 16. Qg3 Rg8 17. Nb5 Kf8 18. Nd6 Rb8 19. Ne1 h4 20. Qf2 Qg5 21. Nf3 Qe7 22.
Qxh4 Ng4 23. Qxe7+ Kxe7 24. Rc3 g5 25. Nd2 Nh6 26. h3 a6 27. Nb3 Nf7 28. Nxf7
Kxf7 29. g4 Kg6 30. gxf5+ exf5 31. Nc5 Bc8 32. Nxa6 Ra8 33. Nc7 Ra7 34. Nxd5 f4
35. Kh2 Rh8 36. exf4 Be6 37. Nc7 Nxd4 38. Bd3+ Bf5 39. Bxf5+ Nxf5 40. Nb5 Raa8
41. Rg1 1-0

[Event "Karpos Open 2013"]
[Site "Skopje MKD"]
[Date "2013.03.16"]
[Round "9.1"]
[White "Iturrizaga, Eduardo"]
[Black "Rodshtein, Maxim"]
[Result "1/2-1/2"]
[WhiteTitle "GM"]
[BlackTitle "GM"]
[WhiteElo "2650"]
[BlackElo "2615"]
[WhiteFideId "3901211"]
[BlackFideId "2806851"]
[EventDate "2013.03.09"]

1. Nf3 Nf6 2. c4 c5 3. g3 Nc6 4. Bg2 d5 5. O-O e5 6. cxd5 Nxd5 7. Nc3 Nc7 8. d3
Be7 9. Nd2 Bd7 10. Nc4 f6 11. f4 b5 12. Ne3 exf4 13. Rxf4 O-O 14. a4 b4 15. Ncd5
Nxd5 16. Bxd5+ Kh8 17. Nc4 Rc8 1/2-1/2

[Event "Karpos Open 2013"]
[Site "Skopje MKD"]
[Date "2013.03.16"]
[Round "9.2"]
[White "Perunovic, Milos"]
[Black "Lupulescu, Constantin"]
[Result "1/2-1/2"]
[WhiteTitle "GM"]
[BlackTitle "GM"]
[WhiteElo "2618"]
[BlackElo "2614"]
[WhiteFideId "921629"]
[BlackFideId "1207822"]
[EventDate "2013.03.09"]

1. e4 c6 2. d4 d5 3. e5 Bf5 4. Nf3 e6 5. Be2 c5 6. Be3 cxd4 7. Nxd4 Ne7 8. O-O
Nbc6 9. Bb5 Bg6 10. c4 a6 11. Bxc6+ Nxc6 12. Nxc6 bxc6 13. Nc3 Be7 14. cxd5 cxd5
15. Qa4+ Qd7 1/2-1/2

[Event "Karpos Open 2013"]
[Site "Skopje MKD"]
[Date "2013.03.16"]
[Round "9.3"]
[White "Cheparinov, Ivan"]
[Black "Yemelin, Vasily"]
[Result "1/2-1/2"]
[WhiteTitle "GM"]
[BlackTitle "GM"]
[WhiteElo "2706"]
[BlackElo "2574"]
[WhiteFideId "2905540"]
[BlackFideId "4113217"]
[EventDate "2013.03.09"]

1. e4 e5 2. Nf3 Nc6 3. Bb5 Nf6 4. d3 d6 5. O-O g6 6. d4 Bd7 7. d5 Ne7 8. Bxd7+
Qxd7 9. Re1 Bg7 10. c4 O-O 11. Nc3 h6 12. c5 c6 13. dxc6 Nxc6 14. cxd6 Ne8 15.
Nd5 Qxd6 16. Be3 Nc7 17. Qc1 Rfc8 18. Bxh6 Nxd5 19. Bxg7 Kxg7 20. Qd2 Ncb4 21.
Rad1 Rc2 22. Qg5 Qf6 23. exd5 Qxg5 24. Nxg5 Rxb2 25. a3 Na2 26. Rxe5 Kf6 27. f4
Nc3 28. Rde1 Nb5 29. Ne4+ Kg7 30. Re7 Rc8 31. Ng5 Nd6 32. Ne6+ Kf6 33. Nc7 Rb1
34. Rxb1 Kxe7 35. Nb5 Nxb5 36. Rxb5 b6 37. h4 Kd6 38. a4 Rc4 39. a5 Rxf4 40.
axb6 axb6 41. Rxb6+ 1/2-1/2

[Event "Karpos Open 2013"]
[Site "Skopje MKD"]
[Date "2013.03.16"]
[Round "9.5"]
[White "Kozul, Zdenko"]
[Black "Georgiev, Kiril"]
[Result "1-0"]
[WhiteTitle "GM"]
[BlackTitle "GM"]
[WhiteElo "2608"]
[BlackElo "2657"]
[WhiteFideId "14502879"]
[BlackFideId "2900017"]
[EventDate "2013.03.09"]

1. d4 Nf6 2. c4 e6 3. Nf3 d5 4. Nc3 dxc4 5. e4 Bb4 6. Bg5 h6 7. Bxf6 Qxf6 8.
Bxc4 c5 9. O-O cxd4 10. e5 Qe7 11. Ne4 Nc6 12. Qe2 O-O 13. a3 Ba5 14. Rad1 Bd7
15. b4 Bc7 16. Nc5 Rfc8 17. Qe4 Be8 18. Bd3 g6 19. Qf4 Kg7 20. Rc1 Rab8 21. Ne4
a6 22. Nf6 Bd7 23. Ng4 Rh8 24. h4 h5 25. Ngh2 Rbc8 26. Rfe1 f5 27. Nf1 Rhd8 28.
Ng3 Bb8 29. Ne2 Kh8 30. Qg3 Qg7 31. Nf4 Rg8 32. Bc4 Rce8 33. Ba2 Bc8 34. Rcd1
Re7 35. Rc1 Bd7 36. Qg5 Ree8 37. Nd3 Kh7 38. Qf4 Kh8 39. Nc5 Bc8 40. Ng5 Bxe5
41. Rxe5 Nxe5 42. Qxe5 Qxe5 43. Nf7+ Kh7 44. Nxe5 g5 45. Ncd3 gxh4 46. Nf4 Re7
47. Kf1 Kh6 48. Bb3 Kg5 49. Nfd3 Kf6 50. Rc4 b5 51. Rxd4 Bb7 52. f3 Bd5 53. Bxd5
exd5 54. Rxd5 Rc8 55. Nd7+ Kg5 56. N7c5 Rc6 57. Ne4+ Kh6 58. Rxf5 Rc2 59. Nf4
Rd7 60. Kg1 Rd1+ 61. Kh2 Ra1 62. Rf6+ Kh7 63. Ng5+ Kg7 64. Nxh5+ Kg8 65. Rf7 1-0

[Event "Karpos Open 2013"]
[Site "Skopje MKD"]
[Date "2013.03.16"]
[Round "9.9"]
[White "Arnaudov, G. Petar"]
[Black "Markus, Robert"]
[Result "1/2-1/2"]
[WhiteTitle "IM"]
[BlackTitle "GM"]
[WhiteElo "2468"]
[BlackElo "2605"]
[WhiteFideId "2907127"]
[BlackFideId "921637"]
[EventDate "2013.03.09"]

1. d4 d6 2. Nf3 Nf6 3. c4 g6 4. Nc3 Bg7 5. e4 Bg4 6. Be2 Nfd7 7. Be3 O-O 8. Ng1
Bxe2 9. Ngxe2 c5 10. O-O cxd4 11. Nxd4 Nc6 12. Qd2 Qa5 13. b3 a6 14. Rac1 Rac8
15. Rfd1 Nxd4 16. Bxd4 Bxd4 17. Qxd4 Nf6 1/2-1/2

[Event "Karpos Open 2013"]
[Site "Skopje MKD"]
[Date "2013.03.16"]
[Round "9.10"]
[White "Sumets, Andrey"]
[Black "Grigorov, Grigor"]
[Result "1-0"]
[WhiteTitle "GM"]
[BlackTitle "GM"]
[WhiteElo "2620"]
[BlackElo "2516"]
[WhiteFideId "14105500"]
[BlackFideId "2907313"]
[EventDate "2013.03.09"]

1. d4 Nf6 2. c4 e6 3. Nf3 b6 4. g3 Bb7 5. Bg2 Be7 6. O-O O-O 7. Re1 Ne4 8. Ne5
d5 9. cxd5 exd5 10. Nc3 c5 11. dxc5 Bxc5 12. Nd3 Bd4 13. Nb5 Bf6 14. Bf4 a6 15.
Na3 Nc6 16. Rc1 Re8 17. Nb1 Bd4 18. Nc3 b5 19. Rf1 Bxc3 20. bxc3 Qf6 21. Qe1
Rad8 22. Bc7 Rd7 23. Bb6 Rde7 24. Nf4 Ne5 25. Bd4 Qd6 26. Qd1 Ng6 27. Nd3 Rc7
28. Re1 Rec8 29. Bh3 Re8 30. a4 Bc8 31. Bg2 Bd7 32. f3 Nf6 33. a5 Bc8 34. Nb4
Bb7 35. f4 Ne4 36. e3 f6 37. Qh5 Qd7 38. Red1 Qf7 39. Bh3 Ne5 40. Qxf7+ Nxf7 41.
Rd3 Rc4 42. Bb6 g6 43. Kf1 f5 44. g4 fxg4 45. Bxg4 Nh6 46. Bh3 Nf5 47. Nxd5 Bxd5
48. Bxf5 Nf6 49. Bh3 b4 50. Bd4 Be4 51. Rdd1 b3 52. Bxf6 b2 53. Rb1 Bxb1 54.
Rxb1 Rxe3 55. Kg2 Rxf4 56. Bd4 Re2+ 57. Kg3 g5 58. Bf1 Rc2 59. Bd3 Rd2 60. Bc4+
Kf8 61. Be3 Rc2 62. Bxf4 gxf4+ 63. Kxf4 Rxc3 64. Bxa6 Ra3 65. Rxb2 Rxa5 66. Bd3
Ra7 67. Bf5 Kg7 68. Rg2+ Kf6 69. Be4 Rg7 70. Ra2 Rc7 71. Ra6+ Kg7 72. h4 Rf7+
73. Bf5 Rf6 74. Ra1 Rf7 75. Kg5 Rc7 76. Ra6 Rf7 77. Rb6 Rf8 78. Be6 h6+ 79. Kh5
Rf6 80. Rb7+ Kh8 81. Bf7 Rf4 82. Be6 Rf6 83. Re7 Rf4 84. Rb7 Rb4 85. Kxh6 1-0

[Event "Karpos Open 2013"]
[Site "Skopje MKD"]
[Date "2013.03.16"]
[Round "9.13"]
[White "Romanov, Evgeny"]
[Black "Drenchev, Petar"]
[Result "1-0"]
[WhiteTitle "GM"]
[BlackTitle "GM"]
[WhiteElo "2603"]
[BlackElo "2491"]
[WhiteFideId "4148843"]
[BlackFideId "2903261"]
[EventDate "2013.03.09"]

1. d4 Nf6 2. Nf3 g6 3. Bf4 Bg7 4. e3 d6 5. Be2 Nh5 6. Bg5 h6 7. Bh4 g5 8. Nfd2
gxh4 9. Bxh5 e5 10. dxe5 dxe5 11. Nc3 O-O 12. Qe2 Be6 13. O-O-O Nd7 14. g3 c6
15. Rhg1 b5 16. gxh4 Kh8 17. Nde4 Qxh4 18. Nd6 Nf6 19. Bf3 b4 20. Nce4 Nxe4 21.
Bxe4 Rad8 22. Bxc6 Qe7 23. Rxg7 Rxd6 24. Rdg1 Qh4 25. Qf3 f5 26. Qg2 1-0

[Event "Karpos Open 2013"]
[Site "Skopje MKD"]
[Date "2013.03.16"]
[Round "9.15"]
[White "Popilski, Gil"]
[Black "Malakhatko, Vadim"]
[Result "1-0"]
[WhiteTitle "GM"]
[BlackTitle "GM"]
[WhiteElo "2520"]
[BlackElo "2571"]
[WhiteFideId "2809060"]
[BlackFideId "14104202"]
[EventDate "2013.03.09"]

1. e4 e6 2. d4 d5 3. Nc3 Bb4 4. exd5 exd5 5. Bd3 Nf6 6. Ne2 O-O 7. O-O c6 8. Ng3
Re8 9. Nce2 Bf8 10. c3 b6 11. Nf4 g6 12. h3 Bg7 13. Qf3 Ba6 14. Bxa6 Nxa6 15.
Nd3 Ne4 16. Bf4 c5 17. Ne5 f6 18. Ng4 h5 19. Nh6+ Kh7 20. Nhf5 Nxg3 21. Nxg3 h4
22. Nh5 Bh8 23. Rfe1 Qd7 24. Bh2 f5 25. Be5 Qf7 26. Nf4 Nc7 27. Bxc7 Qxc7 28.
Nxd5 Qf7 29. dxc5 bxc5 30. Ne3 Rad8 31. Rad1 Bf6 32. Qc6 Bg5 33. Rxd8 Rxd8 34.
Qxc5 Qxa2 35. Nxf5 Qf7 36. Nd6 Qf4 37. Nf7 1-0

[Event "Karpos Open 2013"]
[Site "Skopje MKD"]
[Date "2013.03.16"]
[Round "9.16"]
[White "Kadric, Denis"]
[Black "Golod, Vitali"]
[Result "0-1"]
[WhiteTitle "IM"]
[BlackTitle "GM"]
[WhiteElo "2473"]
[BlackElo "2564"]
[WhiteFideId "14403803"]
[BlackFideId "2804140"]
[EventDate "2013.03.09"]

1. e4 e5 2. Nf3 Nc6 3. Bc4 Bc5 4. O-O Nf6 5. d3 d6 6. c3 h6 7. Bb3 O-O 8. h3 a6
9. Re1 Ba7 10. Nbd2 Nh5 11. Nf1 Qf6 12. Be3 Nf4 13. d4 g5 14. Ng3 Kh8 15. Bc2
Rg8 16. Nf5 Ne7 17. dxe5 dxe5 18. Bxa7 Rxa7 19. Nxe5 Qxe5 20. Nxe7 Re8 21. Nxc8
Rxc8 22. Qd4 Qxd4 23. cxd4 c6 24. Rad1 b6 25. g3 Ne6 26. Rd2 Rd8 27. Red1 Rad7
28. d5 cxd5 29. Rxd5 Rxd5 30. exd5 Nc5 31. b4 Nb7 32. Bb3 a5 33. a3 axb4 34.
axb4 Nd6 35. Rc1 Nf5 36. Ba2 Kg7 37. Rc6 b5 38. Rb6 Ra8 39. Bb3 Nd4 40. d6 Nxb3
41. Rxb5 Ra1+ 42. Kg2 Rd1 43. Rb6 Nd2 0-1

[Event "Karpos Open 2013"]
[Site "Skopje MKD"]
[Date "2013.03.16"]
[Round "9.17"]
[White "Baron, Tal"]
[Black "Kuljasevic, Davorin"]
[Result "0-1"]
[WhiteTitle "GM"]
[BlackTitle "GM"]
[WhiteElo "2465"]
[BlackElo "2564"]
[WhiteFideId "2809958"]
[BlackFideId "14506661"]
[EventDate "2013.03.09"]

1. e4 e5 2. Nf3 Nc6 3. Bb5 a6 4. Ba4 Nf6 5. O-O Be7 6. Re1 b5 7. Bb3 d6 8. c3
O-O 9. h3 Re8 10. d4 Bb7 11. Ng5 Rf8 12. Nf3 Re8 13. Nbd2 Bf8 14. a3 h6 15. Bc2
Nb8 16. b4 Nbd7 17. Bb2 a5 18. Bd3 c6 19. Qc2 Rc8 20. Nb3 axb4 21. axb4 exd4 22.
cxd4 c5 23. dxc5 dxc5 24. bxc5 Nxc5 25. Nxc5 Bxc5 26. Qb1 Qb6 27. Re2 Nh5 28.
Be5 Rxe5 29. Nxe5 Bd4 30. Rb2 Bxe5 31. Rxb5 Qd4 32. Raa5 Nf4 33. Bf1 Bxe4 34.
Qe1 Rc1 0-1

[Event "Karpos Open 2013"]
[Site "Skopje MKD"]
[Date "2013.03.16"]
[Round "9.21"]
[White "Zlatanovic, Boroljub"]
[Black "Berkes, Ferenc"]
[Result "1/2-1/2"]
[WhiteTitle "FM"]
[BlackTitle "GM"]
[WhiteElo "2412"]
[BlackElo "2702"]
[WhiteFideId "916390"]
[BlackFideId "718572"]
[EventDate "2013.03.09"]

1. e4 c6 2. d4 d5 3. Nc3 dxe4 4. Nxe4 Nd7 5. Ng5 Ngf6 6. Bc4 e6 7. Qe2 Nb6 8.
Bb3 a5 9. a4 h6 10. N5f3 c5 11. Be3 c4 12. Bxc4 Nxc4 13. Qxc4 Bd6 14. Ne2 O-O
15. O-O b6 16. Nc3 Bb7 17. Qe2 Rc8 18. Rac1 Bb8 19. Ne5 Re8 20. Rfd1 Qe7 21. Nb5
Ne4 22. f3 Ng5 23. Bf4 Red8 1/2-1/2

[Event "Karpos Open 2013"]
[Site "Skopje MKD"]
[Date "2013.03.16"]
[Round "9.22"]
[White "Solodovnichenko, Yuri"]
[Black "Tosic, Miroslav"]
[Result "1/2-1/2"]
[WhiteTitle "GM"]
[BlackTitle "GM"]
[WhiteElo "2559"]
[BlackElo "2408"]
[WhiteFideId "14104369"]
[BlackFideId "900460"]
[EventDate "2013.03.09"]

1. e4 c5 2. Nf3 e6 3. d4 cxd4 4. Nxd4 a6 5. c4 Nf6 6. Nc3 Qc7 7. Be2 b6 8. O-O
Bb7 9. f3 Be7 10. Be3 d6 11. Qd2 Nbd7 12. Rfc1 O-O 13. a4 Rab8 14. Bf1 Rfc8 15.
Qf2 Qd8 16. Kh1 Ba8 17. Rd1 Nc5 18. b3 Qc7 19. Rac1 Qb7 20. Qa2 Qc7 21. Qb1 Qb7
22. Be2 Bf8 23. Qa2 Qc7 24. Qd2 Qb7 25. Qe1 Be7 26. Qf1 Qc7 27. f4 Ncd7 28. f5
e5 29. Nc2 Nxe4 30. Nxe4 Bxe4 31. Nb4 Bb7 32. Bf3 e4 33. Nd5 exf3 34. Nxe7+ Kh8
35. gxf3 Re8 36. Nd5 Qd8 37. Bd4 Qh4 38. Qg2 Rg8 39. Qg3 Qh5 40. Rg1 f6 41. Rce1
Ne5 42. Bxe5 dxe5 43. Qg4 Qxg4 44. Rxg4 Rbd8 45. f4 Rge8 46. fxe5 Rxe5 47. Rxe5
fxe5 48. Kg1 Bxd5 49. cxd5 b5 50. Kf2 Rxd5 51. axb5 axb5 52. Ke3 Kg8 53. h3 Kf7
54. Ke4 Rc5 55. b4 Rc3 56. Kxe5 Re3+ 57. Re4 Rxh3 58. Rd4 Re3+ 59. Kf4 Rb3 60.
Ke5 h6 61. Rd7+ Kg8 62. f6 gxf6+ 63. Kxf6 Rxb4 64. Rd8+ 1/2-1/2

[Event "Karpos Open 2013"]
[Site "Skopje MKD"]
[Date "2013.03.16"]
[Round "9.23"]
[White "Sanal, Vahap"]
[Black "Jumabayev, Rinat"]
[Result "1-0"]
[WhiteTitle "IM"]
[BlackTitle "GM"]
[WhiteElo "2404"]
[BlackElo "2554"]
[WhiteFideId "6300545"]
[BlackFideId "13702661"]
[EventDate "2013.03.09"]

1. e4 c6 2. d4 d5 3. exd5 cxd5 4. c4 Nf6 5. Nc3 e6 6. Nf3 Bb4 7. Bd3 dxc4 8.
Bxc4 O-O 9. O-O b6 10. Qe2 Bb7 11. Bg5 Be7 12. Rad1 Nc6 13. Rfe1 Nb4 14. d5 Bxd5
15. Bxd5 Nfxd5 16. Nxd5 Nxd5 17. Bxe7 1-0

[Event "Karpos Open 2013"]
[Site "Skopje MKD"]
[Date "2013.03.16"]
[Round "9.27"]
[White "Stefanova, Antoaneta"]
[Black "Vujic, Mihailo"]
[Result "1/2-1/2"]
[WhiteTitle "GM"]
[BlackTitle "FM"]
[WhiteElo "2530"]
[BlackElo "2361"]
[WhiteFideId "2902257"]
[BlackFideId "918873"]
[EventDate "2013.03.09"]

1. d4 d5 2. Nf3 Nc6 3. Bf4 Bg4 4. e3 e6 5. c4 Nf6 6. Nc3 Bb4 7. h3 Bxf3 8. Qxf3
O-O 9. Rc1 Bxc3+ 10. bxc3 Qe7 11. Qd1 e5 12. dxe5 Nxe5 13. cxd5 Rad8 14. c4 c6
15. Qd4 Ng6 16. d6 Qe6 17. Bh2 b6 18. Be2 c5 19. Qb2 Nh4 20. g4 Qe4 21. Rg1 Nf3+
22. Bxf3 Qxf3 23. Be5 Rfe8 24. Rg3 Qh1+ 25. Ke2 Qc6 26. g5 Ne4 27. Rg4 Nxd6 28.
Bxg7 Nf5 29. Bf6 Rd7 30. Qc3 Qd6 31. Rh1 Nd4+ 32. Kf1 Nf5 33. Kg2 Qc6+ 34. Kh2
Qd6+ 35. Rf4 Re4 36. Rd1 Nd4 37. Qc1 Rxf4 38. exf4 Nf3+ 39. Kg3 Qxd1 40. Qe3 h5
41. Qe8+ Kh7 42. Qe4+ Kg8 43. Qe8+ 1/2-1/2

[Event "Karpos Open 2013"]
[Site "Skopje MKD"]
[Date "2013.03.16"]
[Round "9.28"]
[White "Dinev, Dejan"]
[Black "Indjic, Aleksandar"]
[Result "0-1"]
[WhiteTitle "FM"]
[BlackTitle "IM"]
[WhiteElo "2357"]
[BlackElo "2502"]
[WhiteFideId "15000095"]
[BlackFideId "911925"]
[EventDate "2013.03.09"]

1. e4 g6 2. d4 Bg7 3. Nf3 d6 4. h3 c6 5. Nc3 b5 6. Bd3 Nd7 7. O-O Bb7 8. Bg5 Qc7
9. Re1 e5 10. d5 a6 11. a4 b4 12. dxc6 Bxc6 13. Nd5 Bxd5 14. exd5 Ngf6 15. Qd2
a5 16. Nd4 O-O 17. Nb5 Qb8 18. Bc4 Nc5 19. Qe3 Re8 20. Qf3 Nfd7 21. Qg3 Nb6 22.
Bb3 f5 23. Red1 Ne4 24. Qh4 Nd7 25. f3 Qb6+ 26. Kh2 Nxg5 27. Qxg5 Rac8 28. Kh1
Nf6 29. Qd2 Nh5 30. g4 Ng3+ 31. Kg2 f4 32. Qf2 Rc5 33. Re1 e4 34. fxe4 Bxb2 35.
Qxf4 Be5 36. Qd2 Bxa1 37. Rxa1 Nxe4 38. Qf4 g5 39. Qf5 Re5 40. Qf3 Rc8 41. Rf1
Re7 42. Re1 Rf8 43. Qe3 Rf2+ 44. Kg1 Qxe3 45. Rxe3 Rff7 46. Nd4 Nc3 47. Ne6 Rf6
48. Kg2 h6 49. h4 gxh4 50. Kh3 Rf1 51. Kxh4 Ref7 52. Nd4 Rh1+ 53. Kg3 Rg1+ 54.
Kh3 Nd1 55. Re8+ Kh7 56. c3 Nf2+ 57. Kh2 Rxg4 58. Bc2+ Kg7 59. Ne6+ Kf6 60. cxb4
Rxb4 61. Kg2 Ng4 62. Nd8 Rc7 63. Re6+ Kg5 64. Bd1 Rb2+ 65. Kg3 Rc3+ 66. Bf3 Ne5
67. Rxe5+ dxe5 68. d6 e4 69. Ne6+ Kf6 70. d7 Rxf3+ 0-1

[Event "Karpos Open 2013"]
[Site "Skopje MKD"]
[Date "2013.03.16"]
[Round "9.32"]
[White "Arsovic, Goran"]
[Black "Ashiku, Franc"]
[Result "1/2-1/2"]
[WhiteTitle "IM"]
[WhiteElo "2438"]
[BlackElo "2202"]
[WhiteFideId "901792"]
[BlackFideId "4700066"]
[EventDate "2013.03.09"]

1. d4 Nf6 2. Nf3 g6 3. Bg5 Bg7 4. Nbd2 d5 5. e3 O-O 6. Bd3 c5 7. c3 Nc6 8. O-O
Nd7 9. Rb1 a6 10. b4 c4 11. Bc2 b5 12. e4 Nb6 13. a4 dxe4 14. Nxe4 Nd5 15. Qd2
Bg4 16. Ne1 Qc7 17. h3 Bf5 18. Nc5 Bxc2 19. Nxc2 h6 20. Be3 Rfd8 21. Nxa6 Rxa6
22. axb5 Ra2 23. bxc6 Qxc6 24. Ra1 Rda8 25. Rfc1 Rxa1 26. Nxa1 Ra3 27. Qe1 Qa4
28. Bd2 Ra2 29. Rb1 Nc7 30. Bf4 Nb5 31. Bd2 Qa7 32. Be3 1/2-1/2

[Event "Karpos Open 2013"]
[Site "Skopje MKD"]
[Date "2013.03.16"]
[Round "9.35"]
[White "Mladenovic, Stefan"]
[Black "Parligras, Mircea-Emilian"]
[Result "0-1"]
[BlackTitle "GM"]
[WhiteElo "2292"]
[BlackElo "2616"]
[WhiteFideId "942227"]
[BlackFideId "1204297"]
[EventDate "2013.03.09"]

1. d4 Nf6 2. Nf3 e6 3. e3 b6 4. Bd3 Bb7 5. O-O c5 6. c4 g6 7. d5 d6 8. e4 e5 9.
Nc3 Bg7 10. a3 O-O 11. b4 Nbd7 12. Nd2 Ne8 13. Qc2 Ndf6 14. Nb3 Nh5 15. Ne2 Bc8
16. a4 f5 17. f3 f4 18. a5 Rb8 19. axb6 axb6 20. bxc5 dxc5 21. Bd2 Qc7 22. Be1
g5 23. h3 Nhf6 24. Bf2 h5 25. Rfb1 g4 26. hxg4 hxg4 27. Kf1 Nd6 28. Nd2 Bd7 29.
Ra3 Nh7 30. Qb2 Nf5 31. fxg4 Ne3+ 32. Bxe3 fxe3+ 33. Nf3 Bxg4 34. Ng1 Ng5 35.
Qe2 Bh6 36. Qxe3 Qf7 37. Qf2 Qg6 38. Re1 Rf4 39. Bc2 Rbf8 40. Rae3 Bh5 41. Qg3
Rg4 42. Qh2 Nh7 43. R3e2 Bf4 44. Qh3 Bg3 45. Rb1 Ng5 46. Rxb6 Nxh3 47. Rxg6+
Rxg6 48. Nxh3 Bxf3 49. gxf3 Rxf3+ 50. Kg1 Bf2+ 51. Kh2 Rh6 52. Kg2 Rhxh3 0-1

[Event "Karpos Open 2013"]
[Site "Skopje MKD"]
[Date "2013.03.16"]
[Round "9.36"]
[White "Ratkovic, Milovan"]
[Black "Damljanovic, Branko"]
[Result "1-0"]
[BlackTitle "GM"]
[WhiteElo "2291"]
[BlackElo "2562"]
[WhiteFideId "914525"]
[BlackFideId "900125"]
[EventDate "2013.03.09"]

1. d4 Nf6 2. Nf3 g6 3. Nc3 c5 4. d5 Bg7 5. e4 d6 6. Be2 O-O 7. O-O Na6 8. h3 Nc7
9. a4 b6 10. Bf4 Bb7 11. Re1 a6 12. Bc4 Qd7 13. Qd3 Rad8 14. Rad1 Qc8 15. Qe3
Rfe8 16. Bh6 e6 17. Bxg7 Kxg7 18. dxe6 fxe6 19. e5 Nfd5 20. Qg5 Nxc3 21. Qf6+
Kg8 22. Ng5 Rf8 23. Qe7 Qd7 24. Qxd7 Rxd7 25. Rxd6 Rxd6 26. exd6 Bd5 27. Bxd5
N3xd5 28. dxc7 Nxc7 29. Rd1 h6 30. Rd7 hxg5 31. Rxc7 Rf4 32. b3 Rb4 33. f3 Kf8
34. Kf2 Ke8 35. g4 a5 36. Kg3 Kd8 37. Rg7 c4 38. Rxg6 cxb3 39. cxb3 Ke7 40. Rxg5
Rxb3 41. h4 Kf6 42. Rg8 Kf7 43. Rb8 e5 44. Kf2 Rb4 45. Rb7+ Kf8 46. h5 Rxa4 47.
Rxb6 Ra2+ 48. Ke3 a4 49. h6 Kf7 50. Ke4 Rf2 51. Ra6 1-0

[Event "Karpos Open 2013"]
[Site "Skopje MKD"]
[Date "2013.03.16"]
[Round "9.37"]
[White "Vucinic, Gojko"]
[Black "Tratar, Marko"]
[Result "1/2-1/2"]
[BlackTitle "GM"]
[WhiteElo "2253"]
[BlackElo "2512"]
[WhiteFideId "945374"]
[BlackFideId "14600684"]
[EventDate "2013.03.09"]

1. e4 e6 2. d4 d5 3. Nc3 Nf6 4. e5 Nfd7 5. f4 c5 6. Nf3 Nc6 7. Be3 a6 8. Qd2 b5
9. Qf2 cxd4 10. Nxd4 Nxd4 11. Bxd4 b4 12. Na4 Qc7 13. Bd3 Be7 14. O-O O-O 15.
Rae1 Qc6 16. b3 g6 17. g4 f6 18. exf6 Nxf6 19. Qe2 Bd6 20. Nb6 Bc5 21. Bxc5
Qxc5+ 22. Qf2 Qxf2+ 23. Rxf2 Rb8 24. Nxc8 Rbxc8 25. Rxe6 1/2-1/2